Top 10 Città più popolose Provincia di Perugia - Statistics

Statistiche generali
  • Questo quiz è stato fatto 23 volte
  • Il punteggio medio è 7 su 10
Statistiche sulle risposte
Popolazione (ab.) Città % Corretto
168 169 Perugia
100%
58 162 Foligno
95%
32 998 Gubbio
90%
40 567 Città di Castello
86%
39 574 Spoleto
86%
28 143 Assisi
76%
21 800 Bastia Umbra
48%
17 399 Todi
48%
19 004 Corciano
38%
20 174 Marsciano
19%
Nessun quiz corrispondente trovato
Distribuzione punteggi
Percentuale di utenti per punteggio
Percentile per numero di risposta
I tuoi punteggi nel tempo
Non hai fatto questo quiz